000 00412nam a2200133Ia 4500
008 231129s1998||||xx |||||||||||||| ||spa||
020 _a958-96465-1-4
082 _aER- 259
100 _aEje Cafetero
245 0 _aSociologí­a del desempleo y del subempleo: un estudio en el Eje Cafetero
260 _c1998
264 _aPereira: Fondo Editorial 1998
942 _2ddc
_cBKS
999 _c24767
_d24767